Normal view MARC view
  • Esposito, Giampiero.

Entry Personal Name

Number of records used in: 3

001 - CONTROL NUMBER

  • control field: 8790

003 - CONTROL NUMBER IDENTIFIER

  • control field: NUST

005 - DATE AND TIME OF LATEST TRANSACTION

  • control field: 20180118140506.0

008 - FIXED-LENGTH DATA ELEMENTS

  • fixed length control field: 180118|| aca||aabn | a|a d

040 ## - CATALOGING SOURCE

  • Original cataloging agency: NUST
  • Transcribing agency: NUST

100 ## - HEADING--PERSONAL NAME

  • Personal name: Esposito, Giampiero.

670 ## - SOURCE DATA FOUND

  • Source citation: Work cat.: (NUST)29508: Esposito, Giampiero., From classical to quantum mechanics :, 2004.
© 2023 Central Library, National University of Sciences and Technology. All Rights Reserved.